000 00270nam a2200121Ia 4500
008 190216s9999||||xx |||||||||||||| ||und||
100 _aHarrary
245 0 _aGraph Theory
260 _bNarosha Publishing
_c1969
300 _a286p
650 _aMathematics
942 _cBK
999 _c31275
_d31275